Alla scuola di Tommaso d'Aquino, lumen Ecclesiae : (Record n. 108679)

Dettagli MARC
000 -LEADER
fixed length control field 00860nam a2200253 i 4500
001 - CONTROL NUMBER
control field 000000120803
003 - CONTROL NUMBER IDENTIFIER
control field IT-RoPUS
005 - DATE AND TIME OF LATEST TRANSACTION
control field 20220918181313.0
008 - FIXED-LENGTH DATA ELEMENTS--GENERAL INFORMATION
fixed length control field 070723s2007 it u000 u ita c
020 ## - INTERNATIONAL STANDARD BOOK NUMBER
International Standard Book Number 9788816407688
035 ## - SYSTEM CONTROL NUMBER
System control number (IT-RoPUS)120803
040 ## - CATALOGING SOURCE
Original cataloging agency IT-RoPUS
Language of cataloging ita
Transcribing agency IT-RoPUS
100 1# - MAIN ENTRY--PERSONAL NAME
9 (RLIN) 8508
Personal name Biffi, Inos
245 10 - TITLE STATEMENT
Title Alla scuola di Tommaso d'Aquino, lumen Ecclesiae :
Remainder of title intelligenza e amore del mistero cristiano /
Statement of responsibility, etc. Inos Biffi.
260 ## - PUBLICATION, DISTRIBUTION, ETC. (IMPRINT)
Place of publication, distribution, etc. Milano :
Name of publisher, distributor, etc. Jaca book,
Date of publication, distribution, etc. 2007.
300 ## - PHYSICAL DESCRIPTION
Extent XLII, 305 p. ;
Dimensions 24 cm
490 1# - SERIES STATEMENT
Series statement Opera omnia.
-- La costruzione della teologia medievale / Inos Biffi
490 1# - SERIES STATEMENT
Series statement Di fronte e attraverso ;
Volume/sequential designation 768
500 ## - GENERAL NOTE
General note Raccolta di saggi dell'A.
800 1# - SERIES ADDED ENTRY--PERSONAL NAME
9 (RLIN) 120146
Personal name Biffi, Inos.
Title of a work Opera omnia.
Language of a work Italiano
830 #0 - SERIES ADDED ENTRY--UNIFORM TITLE
Uniform title Di fronte e attraverso ;
Volume number/sequential designation 768.
9 (RLIN) 35832
942 ## - ADDED ENTRY ELEMENTS (KOHA)
Institution code [OBSOLETE] BKS
Koha item type LIBRO

Nessuna copia disponibile.

CREDITS: SOCIETA' SAN PAOLO Via A.Severo, 58 - ROMA (RM) & PERIODICI SAN PAOLO SRL Via Giotto, 36 MILANO & CISF Via Giotto, 36 MILANO & EDIZIONI SAN PAOLO SRL,  Piazza Soncino, 5 CINISELLO BALSAMO (MI) -- ITALY